Top 25 Contracts in Sports - Statistics

General Stats
  • This quiz has been taken 19 times
  • The average score is 10 of 25
Answer Stats
Sport Value Answer % Correct
Baseball 426,500,000 Mike Trout
89%
Baseball 330,000,000 Bryce Harper
83%
Basketball 201,200,000 Stephen Curry
78%
Baseball 325,000,000 Giancarlo Stanton
67%
Baseball 275,000,000 Alex Rodriguez
61%
Baseball 252,000,000 Alex Rodriguez
61%
Baseball 300,000,000 Manny Machado
61%
Baseball 240,000,000 Albert Pujols
50%
Baseball 189,000,000 Derek Jeter
50%
Baseball 215,000,000 Clayton Kershaw
44%
Basketball 205,000,000 Russell Westbrook
44%
Baseball 180,000,000 Justin Verlander
39%
Baseball 206,500,000 Zack Greinke
39%
Basketball 228,000,000 James Harden
33%
Baseball 210,000,000 Max Scherzer
33%
Baseball 247,000,000 Miguel Cabrera
28%
Baseball 180,000,000 Mark Teixeira
22%
Baseball 260,000,000 Nolan Arenado
22%
Baseball 240,000,000 Robinson Cano
22%
Baseball 184,000,000 Joe Mauer
17%
Baseball 214,000,000 Prince Fielder
17%
Boxing 365,000,000 Canelo Alvarez
11%
Baseball 217,000,000 David Price
11%
Baseball 184,000,000 Jason Heyward
11%
Baseball 225,000,000 Joey Votto
11%
No matching quizzes found
Score Distribution
Percent of People with Each Score
Percentile by Number Answered
Your Score History
You have not taken this quiz